000 00919nam a22002055i 4500
001 166778
003 ES-MaACL
005 20250808232832.0
008 030610s1872 sp |||| | spa d
080 _a347.65/.68
100 1 _aUlloa y Vila, José.
_9133446
245 1 0 _aMemoria leída en la Academia Matritense de Jurisprudencia y Legislación en la sesión pública celebrada el día 8 de noviembre de 1872 /
_cpor José Ulloa y Vila.
260 _aMadrid :
_b[s.n.],
_c1872 (
_fImp. de José M. Ducazcal)
300 _a32 p. ;
_c26 cm.
594 _aTít. de la memoria: Derechos de los hijos sacrílegos en la sucesión de sus ascendientes
650 7 _aHerencias y sucesiones
_2embne
_9135883
710 2 _aAcademia Matritense de Jurisprudencia y Legislación.
_91204
852 4 _aES-MaACL
_zT-153-F-10
_z- Enc. hol., falto de la enc. original
_z- Enc. en un vol. facticio
999 _c166778
_d166778